|
|
|
|
| LEADER |
00609nam a22001932a 4500 |
| 001 |
001658873 |
| 003 |
CZ BrMZK |
| 005 |
20181203135752.0 |
| 007 |
ta |
| 008 |
181203s1959 xo er|||||||||||slo d |
| 040 |
|
|
|a BOA001
|b cze
|e aacr2
|
| 100 |
1 |
|
|a Paška, Pavel,
|d 1917-2013
|7 mzk2002144649
|4 aut
|
| 245 |
1 |
0 |
|a Týždeň v osvetovej besede :
|b diafilm /
|c Pavol Paška
|
| 260 |
|
|
|a Bratislava :
|b Československý štátny film,
|c 1959
|
| 300 |
|
|
|a 9 s.
|
| 910 |
|
|
|a BOA001
|b X-0444.947
|
| 990 |
|
|
|a BK
|
| 991 |
|
|
|b 201811
|
| 996 |
7 |
|
|b 2618965898
|c X-0444.947
|l MZK
|r Sklad / do 24 hodin
|n 0
|w 001697816
|u 000010
|a 1
|e BOA001
|j MZK50
|s A
|